• AIU
  • Tony Wilmot Memorial Library

Maandiko jamatheru ja Murungu, najo nijo Kiriikaniro Giikuru na Kiriikaniro Gikieru (Record no. 67805)

MARC details
000 -LEADER
fixed length control field 00674nam a22002057a 4500
003 - CONTROL NUMBER IDENTIFIER
control field OSt
005 - DATE AND TIME OF LATEST TRANSACTION
control field 20240102164104.0
008 - FIXED-LENGTH DATA ELEMENTS--GENERAL INFORMATION
fixed length control field 240102b |||||||| |||| 00| 0 eng d
020 ## - INTERNATIONAL STANDARD BOOK NUMBER
International Standard Book Number 9789966480637
040 ## - CATALOGING SOURCE
Original cataloging agency AIU Library - Kenya
Transcribing agency AIU Library - Kenya
Modifying agency AIU Library - Kenya
050 ## - LIBRARY OF CONGRESS CALL NUMBER
Classification number BS 325
Item number .M48 1964
245 ## - TITLE STATEMENT
Title Maandiko jamatheru ja Murungu, najo nijo Kiriikaniro Giikuru na Kiriikaniro Gikieru
260 ## - PUBLICATION, DISTRIBUTION, ETC. (IMPRINT)
Place of publication, distribution, etc Nairobi, Kenya ;
Name of publisher, distributor, etc Bible Society of Kenya'
Date of publication, distribution, etc c1964.
300 ## - PHYSICAL DESCRIPTION
Extent 1405 p.;
500 ## - GENERAL NOTE
General note [Africana]
630 ## - SUBJECT ADDED ENTRY--UNIFORM TITLE
Uniform title Bible
9 (RLIN) 55788
Language of a work Kimeru.
650 ## - SUBJECT ADDED ENTRY--TOPICAL TERM
Topical term or geographic name as entry element Kimeru language
Form subdivision Texts.
9 (RLIN) 55789
710 ## - ADDED ENTRY--CORPORATE NAME
Corporate name or jurisdiction name as entry element Bible Society of Kenya
9 (RLIN) 55779
942 ## - ADDED ENTRY ELEMENTS (KOHA)
Source of classification or shelving scheme Library of Congress Classification
Koha item type Africana collection ( Reference)
Holdings
Withdrawn status Lost status Source of classification or shelving scheme Damaged status Not for loan Collection code Home library Current library Shelving location Date acquired Source of acquisition Cost, normal purchase price Total Checkouts Full call number Barcode Date last seen Copy number Price effective from Koha item type
    Library of Congress Classification     Reference AIU/NEGST - Tony Wilmot Memorial Library AIU/NEGST - Tony Wilmot Memorial Library Reference 10/30/2023 Donation - Prof. Robert Priest 9.09   REF BS 325.M48 1964 T16884W3232 01/02/2024 1 01/02/2024 Africana collection ( Reference)